Las experiencias de Tiresias : los masculino y lo femenino en el mundo griego /

Na minha lista:
Detalhes bibliográficos
Autor principal: Loraux, Nicole (autor)
Formato: Livro
Idioma:espanhol
Publicado em: Barcelona, España : Acantilado, 2004, c2004
coleção:(El Acantilado ; 91)
Assuntos:
Tags: Adicionar Tag
Sem tags, seja o primeiro a adicionar uma tag!

MARC

LEADER 00000nam^a2200000^a^4500
001 000170289
005 20250521000000.0
009 20260310101304.062
020 |a 84-96136-56-6 
037 |a Acervo ITESO - Biblioteca 
041 |a ESP 
082 |a 305. 30949501  |b LOR 
100 |a Loraux, Nicole  |e (autor) 
245 1 4 |a Las experiencias de Tiresias :  |b los masculino y lo femenino en el mundo griego /  |c N. Loraux ; tr. por Cristina Serna Alonso, Jaume Pòrtulas Ambròs. 
264 4 |a Barcelona, España :  |b Acantilado,  |c 2004, c2004 
300 |a 562 p. 
336 |a texto  |b txt  |2 rdacontenido 
337 |a sin mediación  |b n  |2 rdamedio 
338 |a volumen  |b nc  |2 rdasoporte 
440 4 |a (El Acantilado ;  |v 91) 
500 |a Traducción de: Les expériences de Tirésias: le féminin et l'homme grec 
649 |a XX 
650 |a Mujeres Griegas -  |x Condiciones Sociales y Culturales -  |x Historia Antigua -  |x Tema Principal 
650 |a Mujeres Griegas -  |x Historia Antigua 
650 |a Hombres Griegos -  |x Condiciones Sociales y Culturales -  |x Historia Antigua -  |x Tema Principal 
650 |a Hombres Griegos -  |x Historia Antigua 
650 |a Relaciones Intergénero -  |z Grecia -  |x Historia Antigua 
650 |a Roles de Género -  |z Grecia -  |x Historia Antigua -  |x Tema Principal 
650 |a Identidad de Género -  |z Grecia -  |x Historia Antigua 
650 |a Género -  |z Grecia -  |x Historia Antigua 
650 |a Prácticas Culturales -  |z Grecia -  |x Historia Antigua 
650 |a Historia Social -  |z Grecia 
650 |a Grecia -  |x Historia -  |y Período Clásico, 479-323 a.C. 
650 |a Grecia -  |x Historia -  |y Período Antiguo, 775-479 a.C. 
650 |a Historia Antigua 
650 |a Antropología Cultural 
910 |a Fondo General 
920 |a Impresos - Libros 
930 |a Colección General 
905 |a 101 
901 |a 0500107349  |b IT1  |c ACC  |u 20250521 
902 |a https://opac.biblio.iteso.mx/vufind/Record/000170289